| 000 | 00976nas a2200325 4500 | ||
|---|---|---|---|
| 001 | BR0002532 | ||
| 003 | BR-BrBNA | ||
| 005 | 20231205101847.0 | ||
| 007 | ta | ||
| 008 | 230509b bl.|||p| |||| 00| 00por d | ||
| 040 |
_aBR-BrBNA _bpor _cBiblioteca Nacional de Agricultura |
||
| 041 | _a(Pt) | ||
| 072 | _aP35; F04 | ||
| 100 | 1 | _aFavaretto, N. | |
| 100 | 1 | _aMoraes, A. de | |
| 100 | 1 | _aMotta, A.C.V. | |
| 100 | 1 | _aPrevedello, B.M.S. | |
| 245 | 1 | _aEfeito da revegetacao e da adubacao de area degradada na fertilidade do solo e nas caracteristicas da palhada | |
| 650 | _aSolo | ||
| 650 | _aDeterioracao do Solo | ||
| 650 | _aPalhada | ||
| 650 | _aRecuperacao do Solo | ||
| 650 | _aFertilidade do Solo | ||
| 650 | _aAdubacao | ||
| 650 | _aXisto | ||
| 650 | _aPARANÁ | ||
| 773 | 0 |
_tPesquisa Agropecuaria Brasileira (Brazil) _xISSN 0100-204X _g(Feb 2000), v. 35(2) p. 289-297 _wBR0002532 |
|
| 909 |
_a202311 _bLúcia _c55 _dLúcia Elande |
||
| 942 |
_2AGRIS _n0 _cANA |
||
| 999 |
_c164373 _d164373 |
||